000 00412nam a2200133Ia 4500
008 210430s9999 xx 000 0 und d
020 _a0-8247-1994-8
082 _a660.39 M239 D
100 _aErik Kissa
_952545
245 _aDispersions Characterization Testing and Measurement /
_cErik Kissa
_b(surfactant science series V-84)
260 _aNew york
_bMarcel Dekker
_c1999
300 _a708p
942 _cBK
_2ddc
999 _c561833
_d561833